Statistiques concernant Où sont ces portes ?

Cliquez ici pour prendre le quiz!

Statistiques générales

  • Ce quiz a été pris 7 129 fois
  • Le résultat moyen est 7 sur 12

Statistiques - réponses

Réponse% Correct
Palais de l'Elysée
83%
Notre-Dame de Paris
73%
Friends
71%
Harry Potter
71%
Jurassic Park
70%
Marvel Cinematic Universe
66%
Narnia
64%
Monstres et Cie
51%
Terre du Milieu
51%
Doctor Who
46%
Cité du Vatican
41%
221B {Baker} Street
40%

Distribution des résultats

Percentile par nombre de réponses

% des personnes avec chaque résultat

Votre développement - résultats

Vous n’avez pas pris ce quiz